| 000 | 00760nam a2200181Ia 4500 | ||
|---|---|---|---|
| 008 | 090124s9999 xx 000 0 und d | ||
| 082 | _b2861 | ||
| 100 | _aवैद्य व्दारकानाथ गोविंद | ||
| 245 | _a नारायण गणेश चंदावरकर | ||
| 250 | _a0 | ||
| 260 |
_b"कर्नाटक पब्लिशिंग हाऊस,मुंबई2" _c1937 |
||
| 300 | _a567 | ||
| 600 | _aवैद्य व्दारकानाथ गोविंद | ||
| 630 | _a नारायण गणेश चंदावरकर | ||
| 700 | _aवैद्य व्दारकानाथ गोविंद | ||
| 730 | _a नारायण गणेश चंदावरकर | ||
| 942 | _cBOOK | ||
| 999 |
_c82655 _d82655 |
||